Missing Word: Bring Your 'A' Game Quiz Stats

 Plays Quiz Updated Sep 9, 2014

Challenge
Share
Tweet
Embed
Score 0/16 Timer 03:00
5 Plays Today
Clue Missing Word % Correct
Boxing: Muhammad ___Ali
99.2%
Cycling: Lance _________Armstrong
95.1%
NBA: San ________ SpursAntonio
95%
Olympics: _______, GreeceAthens
92.5%
NFL: ________ FalconsAtlanta
89.9%
Golf: _______ PalmerArnold
87.7%
MLB: L.A. _______ of AnaheimAngels
87.5%
Tennis: Andre _______Agassi
82.8%
Clue Missing Word % Correct
NHL: Colorado _________Avalanche
76.4%
Racing: Mario & Michael ________Andretti
69.5%
Speed Skater: _____ OhnoApolo
64.4%
FIFA: __________Argentina
61.1%
Football (soccer): _________ FCArsenal
53.7%
UFC: _________ SilvaAnderson
46.2%
CFL: Toronto __________Argonauts
43.2%
Arena: Reliant (Houston) __________Astrodome
41.6%

Today's Daily Dose

Missing Word
Entertainment 'M'

Word Ladder
North Carolina

On This Day
January 16th II

You're not logged in!

Compare scores with friends on all Sporcle quizzes.
OR
Log In

You Might Also Like...

Show Comments

Extras

Top Quizzes Today


Score Distribution

Your Account Isn't Verified!

In order to create a playlist on Sporcle, you need to verify the email address you used during registration. Go to your Sporcle Settings to finish the process.

Report this User

Report this user for behavior that violates our Community Guidelines.

Details: